Rhymes with Bob Quiz Stats

 Plays Quiz Updated Feb 27, 2018

Also try: Rhymes with 'ICK'
Challenge
Share
Tweet
Embed
Score 0/19 Timer 03:00
0 Plays Today
% Correct
cob
97.2%
lob
96.5%
mob
96%
rob
95.7%
sob
92.7%
hob
92.3%
job
92.2%
fob
90.6%
nob
89.9%
gob
89.7%
% Correct
slob
76.6%
blob
71.2%
knob
69.5%
snob
66.8%
glob
62.8%
yob
57.4%
throb
39.5%
swab
36.8%
squab
20.4%

You're not logged in!

Compare scores with friends on all Sporcle quizzes.
OR
Log In

You Might Also Like...

Show Comments

Extras

Top Quizzes Today


Score Distribution

Your Account Isn't Verified!

In order to create a playlist on Sporcle, you need to verify the email address you used during registration. Go to your Sporcle Settings to finish the process.

Report this User

Report this user for behavior that violates our Community Guidelines.

Details: